000 00473nam a2200193Ia 4500
008 240510s9999 xx 000 0 und d
020 _a0000078812178
041 _aEng
082 _a005.136 M86
082 _bM86
100 _aHURRAY William H. (ET-AL)
245 0 _a80386/80286 Assembly language programming
260 _bBertkeley : Osborne McGraw-Hill
260 _c1986
300 _a548 p.
650 _aAssembly languages
942 _2ddc
942 _cLBK
999 _c24547
_d24547
945 _a1
_bMadushi Gamage
_c1
_dMadushi Gamage